• 首页
  • 本馆介绍
  • 公告通知
  • 最新文献
  • 馆藏检索
  • 电子资源
  • 读者导购
  • 参考咨询
  • 我的图书馆
  • 登录
  • 详细信息显示
  • 放入我的书架
  • 预约/预借图书
  • 作者相关作品
  • 分类相关作品
  • 丛书相关作品
  • 出版社相关作品

书目信息

  • 表格格式
  • 工作单格式
  • 卡片格式
题名:
新手学笔记本电脑应用完全学习宝典
    
 
作者: ;博智书苑 主编
分册:  
出版信息: 上海   上海科学普及出版社  2017重印
页数: 320页
开本: 26cm
丛书名: 电脑新课堂
单 册:
中图分类: TP368.32
科图分类:
主题词: 笔记本计算机--bi ji ben ji suan ji--基本知识
电子资源:
ISBN: 978-7-5427-5149-2
000 01086nam 2200277 45
001 012001002839
005 20140101171519.0
010    @a978-7-5427-5149-2@dCNY39.80
010    @a978-7-900518-35-4@b光盘
099    @aCAL 012012194044
100    @a20120514d2012 em y0chiy50 ea
101 0  @achi
102    @aCN@b310000
105    @aa z 000yy
106    @ar
200 1  @a新手学笔记本电脑应用完全学习宝典@Axin shou xue bi ji ben dian nao ying yong wan quan xue xi bao dian@f博智书苑主编
210    @a上海@c上海科学普及出版社@d2017重印
215    @a320页@c图@d26cm@e光盘1片
225 2  @a电脑新课堂@Adian nao xin ke tang@e超值畅销版
330    @a本书讲解了笔记本电脑使用与维护的相关知识, 综合了众多笔记本电脑应用高手的心得, 集笔记本电脑的选购、使用、维护、升级以及故障排除等知识为一体, 全方位介绍笔记本电脑的各种知识。
410  0 @12001@a电脑新课堂 (超值畅销版)
606 0  @a笔记本计算机@Abi ji ben ji suan ji@x基本知识
690    @aTP368.32@v5
711 02 @a博智书苑@Abo zhi shu yuan@4主编
801  0 @aCN@b北京卓展@c20191020
905    @b1204498-500@dTP368.32@e604@f3
    
    新手学笔记本电脑应用完全学习宝典/博智书苑主编.-上海:上海科学普及出版社,2017重印
    320页:图;26cm+光盘1片.-(电脑新课堂:超值畅销版)
    
    
    ISBN 978-7-5427-5149-2:CNY39.80
    本书讲解了笔记本电脑使用与维护的相关知识, 综合了众多笔记本电脑应用高手的心得, 集笔记本电脑的选购、使用、维护、升级以及故障排除等知识为一体, 全方位介绍笔记本电脑的各种知识。
●
相关链接 在E读中查询图书 在五车中查询图书 在当当中查询图书 在豆瓣中查询图书


正题名:新手学笔记本电脑应用完全学习宝典     索取号:TP368.32/604         预约/预借

序号 登录号 条形码 馆藏地/架位号 状态 备注
1 1204498   212044982   第二样本阅览室/ [索取号:TP368.32/604] 在馆    
2 1204499   212044991   第三借阅区/ [索取号:TP368.32/604] 在馆    
3 1204500   212045008   第三借阅区/ [索取号:TP368.32/604] 在馆    
唐山师范学院图书馆 欢迎您!
大连网信软件有限公司© 版权所有